Principles of electromechanical-energy conversion (Record no. 23169)

000 -LEADER
fixed length control field 00596nam a22002051 4500
001 - CONTROL NUMBER
control field 23169
003 - CONTROL NUMBER IDENTIFIER
control field BD-DhUET
008 - FIXED-LENGTH DATA ELEMENTS--GENERAL INFORMATION
fixed length control field 730301s1966 xx 000 0 eng
040 ## - CATALOGING SOURCE
Original cataloging agency DLC
Transcribing agency DLC
Modifying agency BD-DhUET
082 ## - DEWEY DECIMAL CLASSIFICATION NUMBER
Classification number 623.13
Item number MEI/1966
100 ## - MAIN ENTRY--PERSONAL NAME
Personal name Meisel, Jerome
245 10 - TITLE STATEMENT
Title Principles of electromechanical-energy conversion
250 ## - EDITION STATEMENT
Edition statement 1st ed.
260 ## - PUBLICATION, DISTRIBUTION, ETC. (IMPRINT)
Place of publication, distribution, etc. New York
Name of publisher, distributor, etc. McGraw-Hill
Date of publication, distribution, etc. 1966
300 ## - PHYSICAL DESCRIPTION
Extent xvii, 639p.
Other physical details ill.
490 ## - SERIES STATEMENT
Series statement McGraw-Hill electrical and electronic engineering series
504 ## - BIBLIOGRAPHY, ETC. NOTE
Bibliography, etc Includes bibliographies
650 #0 - SUBJECT ADDED ENTRY--TOPICAL TERM
Topical term or geographic name as entry element Mechinery: Electrical engineering
942 ## - ADDED ENTRY ELEMENTS (KOHA)
Koha item type General Book
Holdings
Koha full call number Date acquired Price effective from Shelving location Koha item type Copy number Not for loan Damaged status Location (home branch) Koha normalized classification for sorting Piece designation (barcode) Source of classification or shelving scheme Withdrawn status Sublocation or collection (holding branch) Koha date last seen Lost status
623.13/MEI/19682015-05-032015-05-03Circulation sectionGeneral Book1  Central Library, BUET623_130000000000000_MEI_196811878  Central Library, BUET2015-05-03 
623.13/MEI/19662015-05-032015-05-03Circulation sectionGeneral Book2  Central Library, BUET623_130000000000000_MEI_196611877  Central Library, BUET2015-05-03 
623.13/MEI/19662015-05-032015-05-03Circulation sectionGeneral Book3  Central Library, BUET623_130000000000000_MEI_196611875  Central Library, BUET2015-05-03 
623.13/MEI/19662015-05-032015-05-03Circulation sectionGeneral Book4  Central Library, BUET623_130000000000000_MEI_196611438  Central Library, BUET2015-05-03 
623.13/MEI/19662015-05-032015-05-03Circulation sectionGeneral Book5  Central Library, BUET623_130000000000000_MEI_196611876  Central Library, BUET2015-05-03 
623.13/MEI/19662015-05-032015-05-03Circulation sectionGeneral Book6  Central Library, BUET623_130000000000000_MEI_196611437  Central Library, BUET2015-05-03 
623.13/MEI/19662015-05-032015-05-03Circulation sectionGeneral Book7  Central Library, BUET623_130000000000000_MEI_196611879  Central Library, BUET2015-05-03 
623.13/MEI/19662015-05-032015-05-03Circulation sectionGeneral Book8  Central Library, BUET623_130000000000000_MEI_196684929  Central Library, BUET2015-05-03 
623.13/MEI/19662015-05-072015-05-07Circulation sectionGeneral Book9  Central Library, BUET623_130000000000000_MEI_196615539  Central Library, BUET2015-05-07 
623.13/MEI/19662015-07-122015-07-12Circulation sectionGeneral Book10  Central Library, BUET623_130000000000000_MEI_196639251  Central Library, BUET2015-07-12